Normal view
MARC view
- Asante, Molefi Kete
Entry Personal Name
001 - CONTROL NUMBER
- control field: 6172
003 - CONTROL NUMBER IDENTIFIER
- control field: JO-AjAnu
005 - DATE AND TIME OF LATEST TRANSACTION
- control field: 20230606071312.0
008 - FIXED-LENGTH DATA ELEMENTS
- fixed length control field: 230606|| aca||aabn | a|a d
040 ## - CATALOGING SOURCE
- Original cataloging agency: JO-AjAnu
- Transcribing agency: JO-AjAnu
100 ## - HEADING--PERSONAL NAME
- Personal name: Asante, Molefi Kete
670 ## - SOURCE DATA FOUND
- Source citation: Work cat.: (JO-AjAnu)3199: Asante, Molefi Kete, author, The History of Africa: The Quest For Eternal Harmony